000 00621nam a2200205 i 4500
001 bgj
003 BPK
005 20151028095214.0
008 s uk f |000 0 eng
020 _a0201535025 (pbk)
040 _cBPK
041 0 _aeng
100 1 _aWalker, Michael.
245 1 0 _aNew horizons in English /
_cMichael Walker.
250 _a3rd ed.
260 _aReading, Ma ; Menlo Park, Ca :
_bAddison-Wesley Publ.,
_ccop. 1991.
300 _a60 pp :
_bill. ;
_c28 cm.
856 _uhttp://koha.tu.koszalin.pl/cgi-bin/koha/opac-detail.pl?biblionumber=41337
_yKatalog online BPK
942 _cKS
_2UKD
999 _c41337
_d41337